000 00946nam a2200277 i 4500
001 186399
003 SpMaBN
005 20250827041601.0
008 161107s1999 sp b |||| |dspa d
020 _a84-406-8586-6
080 _a821.111(73)-992"19"
080 _a913(5)
100 1 _aTheroux, Paul.
_9109906
245 1 3 _aEl gran bazar del ferrocarril
_b: un viaje en tren por Turquía, Extremo Oriente y Siberia /
_cPaul Theroux ; [traducción, Juan Godó Costa].
250 _a1ª ed.
260 _aBarcelona :
_bEdiciones B,
_c1999.
300 _a475 p. :
_b1 mapa ;
_c19 cm.
490 1 _aBiblioteca grandes viajeros
651 4 _aTurquía-
_xDescripción
_9150889
651 4 _aAsia-
_xDescripción-
_yS.XX
_9241788
700 1 _aGodo Costa, Juan.
_957532
830 0 0 _aBiblioteca grandes viajeros
_9183745
852 _aES-MaACL
_jL-30762
_z. - Donat. Miguel A. Velasco
942 _2udc
999 _c186399
_d186399